000 00676nam a22002177a 4500
003 OSt
005 20230127114436.0
008 221006b |||||||| |||| 00| 0 eng d
020 _a968 5979 14 6
040 _cBiblioteca Lado V
082 _a709
_bY95l
100 _9682
_aYuskavage, Lisa
_eautor
_eartista
245 _aLisa Yuskavage/
260 _aMexico
_c2006
_bMuseo Tamayo
300 _c25x24cm
_a72p.
650 _2Tesauro de Arte & Arquitectura
_aARTE
650 _2Tesauro de Arte & Arquitectura
_aCATALOGO
650 _2Tesauro de Arte & Arquitectura
_aPINTURA
700 _aOstrander, Tobias
_eCurador
_928
942 _2ddc
_c1
_h709
_iY95l
_n0
999 _c2965
_d2965